Datum a čas kvízu
34.5
Celkem bodů
Celkový počet nahraných bodů na tomto kvízu bez doplňovacích otázek.
5.
Pořadí na kvízu
Konečné umístění týmu na tomto kvízu.
Zaznamenané odpovědi
| # | Otázka | Odpověď | Body | Výsledky |
|---|---|---|---|---|
| 1. | V médiích se minulý týden hojn... | 1 | ||
| 2. | V keňské rezervaci Laikipia Wi... | 1 | ||
| 3. | Rakouská společnost Koch Media... | 0 | ||
| 4. | Společnost Coca-Cola přichází... | 0 | ||
| 5. | Přestože televizní program avi... | 1 | ||
| 6. | Dlouhé názvy filmů byly v módě... | 1 | ||
| 5. | V roce 1981 natočil režisér Mi... | 1 | ||
| 5. | V roce 1974 natočil režisér Cl... | 1 | ||
| 5. | V roce 1964 natočil slavný rež... | 0 | ||
| 5. | Doplňte dvě slova do názvu fil... | 0 |